000 00353nam a2200133Ia 4500
008 220217s9999||||xx |||||||||||||| ||und||
020 _a81-7808-310-8
082 _a005.43 GRE
100 _aGeogory, Peter, H
_92809
245 0 _aSolaris security
260 _aPearson education asia
_bDelhi
_c2000
300 _b295
650 _aOperating systems
999 _c170049
_d170049